IV Seminario Cooperativo Iberoamericano : documentación.
Guardado en:
| Autores Corporativos: | , |
|---|---|
| Formato: | Libro |
| Idioma: | Spanish |
| Publicado: |
Zaragoza :
Centro Nacional de Educación Cooperativa,
1971.
|
| Materias: | |
| Etiquetas: |
Agregar Etiqueta
Sin Etiquetas, Sea el primero en etiquetar este registro!
|
| LEADER | 00709nam a22001815 4500 | ||
|---|---|---|---|
| 001 | EAD.ead003286 | ||
| 008 | 080718s1971####sp#a##########100#0#spa#d | ||
| 005 | 20120926124132.0 | ||
| 245 | 1 | 0 | |a IV Seminario Cooperativo Iberoamericano : |b documentación. |
| 260 | |a Zaragoza : |b Centro Nacional de Educación Cooperativa, |c 1971. | ||
| 300 | |a 115 h. : |b il. ; |c 33 cm. | ||
| 500 | |a Título tomado de la cub. | ||
| 111 | 2 | |a Seminario Cooperativo Iberoamericano |n (4o. : |d 1971 : |c Zaragoza) | |
| 710 | 2 | |a Centro Nacional de Educación Cooperativa (España) | |
| 082 | 0 | 4 | |a 334.063 |2 21 |
| 650 | 7 | |a Cooperativismo. |2 isoc | |
| 650 | 7 | |a Conferencias. |2 unbist | |
| 859 | |a AR-BaBDC |b BIB. ADMINISTRACION GABCOOP - Libros |h 334.063 |i Se52-1 |p g00063 | ||
